Word Ladders: Countries II Quiz Stats

Quiz Updated Feb 5, 2015

Challenge
Share
Tweet
Embed
Score 0/27 Timer 05:00
1 Play Today
Clue 4-Letter Word % Correct
Word Ladder 2BALD
95.2%
Word Ladder 2MALL
95.2%
Word Ladder 2BALL
93.6%
Word Ladder 3PORK
90.2%
Word Ladder 2★ MALI ★
89.5%
Word Ladder 1TUBE
87.7%
Word Ladder 1TUNE
80.7%
Word Ladder 1LUNE
79.9%
Word Ladder 1★ CUBA ★
78.5%
Word Ladder 3★ PERU ★
78.3%
Word Ladder 3PORT
77.1%
Word Ladder 1LONE
77%
Word Ladder 1CUBE
76.5%
Word Ladder 2BAND
75.3%
Clue 4-Letter Word % Correct
Word Ladder 3★ CHAD ★
74.9%
Word Ladder 3PERK
73.3%
Word Ladder 2BANS
72.6%
Word Ladder 2★ LAOS ★
72.5%
Word Ladder 3COAT
70.5%
Word Ladder 2LASS
69.9%
Word Ladder 3CHAT
69.3%
Word Ladder 3POST
68.3%
Word Ladder 1★ TOGO ★
65.9%
Word Ladder 3COST
64.5%
Word Ladder 2BASS
64.3%
Word Ladder 1LOGO
63.7%
Word Ladder 1LOGE
62.2%

Today's Daily Dose

Word Ladder
Paul Newman

On This Day
April 21st II

You're not logged in!

Compare scores with friends on all Sporcle quizzes.
Sign Up with Email
OR
Log In

You Might Also Like...

Show Comments

Extras

Top Quizzes Today


Score Distribution

Your Account Isn't Verified!

In order to create a playlist on Sporcle, you need to verify the email address you used during registration. Go to your Sporcle Settings to finish the process.

Report this User

Report this user for behavior that violates our Community Guidelines.

Details: